<?xml version="1.0" encoding="UTF-8"?>
<record
    xmlns:xsi="http://www.w3.org/2001/XMLSchema-instance"
    xsi:schemaLocation="http://www.loc.gov/MARC21/slim http://www.loc.gov/standards/marcxml/schema/MARC21slim.xsd"
    xmlns="http://www.loc.gov/MARC21/slim">

  <leader>00612nam a22001937a 4500</leader>
  <controlfield tag="005">20250328124544.0</controlfield>
  <datafield tag="010" ind1=" " ind2=" ">
    <subfield code="a">ENG-144323</subfield>
  </datafield>
  <datafield tag="020" ind1=" " ind2=" ">
    <subfield code="a">9789334003857</subfield>
    <subfield code="c">396.00</subfield>
  </datafield>
  <datafield tag="035" ind1=" " ind2=" ">
    <subfield code="a">EN-127855</subfield>
  </datafield>
  <datafield tag="037" ind1=" " ind2=" ">
    <subfield code="b">DBAD</subfield>
  </datafield>
  <datafield tag="082" ind1=" " ind2=" ">
    <subfield code="a">158.4</subfield>
  </datafield>
  <datafield tag="100" ind1=" " ind2=" ">
    <subfield code="a">Gawhankar, Vaishali</subfield>
    <subfield code="9">80010</subfield>
  </datafield>
  <datafield tag="245" ind1=" " ind2=" ">
    <subfield code="a">Pixel with Perspective;</subfield>
    <subfield code="b">Build Your Online presence/</subfield>
  </datafield>
  <datafield tag="260" ind1=" " ind2=" ">
    <subfield code="a">Mumbai</subfield>
    <subfield code="b">Vaishali Gawhankar</subfield>
    <subfield code="c">2024</subfield>
  </datafield>
  <datafield tag="270" ind1=" " ind2=" ">
    <subfield code="a">Sunil Binding and Printing Works</subfield>
    <subfield code="b">Mumbai</subfield>
    <subfield code="e">400031</subfield>
    <subfield code="m">vaishaligawhankar@gmail.com</subfield>
    <subfield code="k">7506931555</subfield>
    <subfield code="k">7715069033</subfield>
  </datafield>
  <datafield tag="300" ind1=" " ind2=" ">
    <subfield code="a">172p.</subfield>
    <subfield code="c">21 cm.(Pb)</subfield>
  </datafield>
  <datafield tag="700" ind1=" " ind2=" ">
    <subfield code="9">76691</subfield>
  </datafield>
  <datafield tag="942" ind1=" " ind2=" ">
    <subfield code="2">ddc</subfield>
    <subfield code="c">EN</subfield>
    <subfield code="h">158.4</subfield>
    <subfield code="m">GAW</subfield>
  </datafield>
  <datafield tag="999" ind1=" " ind2=" ">
    <subfield code="c">210573</subfield>
    <subfield code="d">210573</subfield>
  </datafield>
  <datafield tag="952" ind1=" " ind2=" ">
    <subfield code="0">0</subfield>
    <subfield code="1">0</subfield>
    <subfield code="4">0</subfield>
    <subfield code="7">0</subfield>
    <subfield code="8">NFIC</subfield>
    <subfield code="a">BL1</subfield>
    <subfield code="b">BL1</subfield>
    <subfield code="d">2025-03-28</subfield>
    <subfield code="e">DBAD</subfield>
    <subfield code="g">396.00</subfield>
    <subfield code="l">0</subfield>
    <subfield code="o">158.4 GAW</subfield>
    <subfield code="p">EN-127855</subfield>
    <subfield code="r">2025-03-28 00:00:00</subfield>
    <subfield code="t">1</subfield>
    <subfield code="v">396.00</subfield>
    <subfield code="w">2025-03-28</subfield>
    <subfield code="y">EN</subfield>
  </datafield>
</record>
